| 000 | 00396nam a2200133Ia 4500 | ||
|---|---|---|---|
| 008 | 260210s9999 xx 000 0 und d | ||
| 024 | _aNA | ||
| 082 | _a005.15072 SYE | ||
| 100 | _aS.M. Khurram Hussain & Zafar Moeed | ||
| 245 | 0 | _aQA Asid Online Medical Diagnostic Centre | |
| 260 |
_aKarachi: _bUITU, _c1996 |
||
| 600 | _aComputer System Engineering | ||
| 650 | _aBachelor of Engineering (BE) | ||
| 999 |
_c32608 _d32608 |
||